000 00667nam a2200229Ia 4500
003 OSt
005 20221007071118.0
006 a|||||r|||| 00| 0
007 ta
008 221006b |||||||| |||| 00| 0 eng d
024 _a23,473
037 _cReference Collections
040 _aFLL
_cFLL
_beng
041 _2eng
_aeng
082 _aW:5, P6
100 _aPikis Georghois M.
_9688163
245 0 _aConstitutionalism -human rights- speraration of powers
260 _aLeiden
_bMartinus Nijhoff Publishers Boston
_c2006
300 _axxiv,164p
_ccm.
942 _hW:5, P6
_cREF
_2CC
999 _c1142487
_d1142487